00000000nam##2200000za#4500
0019.639979
003CaOODSP
00520210624222437
007cr |||||||||||
008150407|2000||||xxc|||||o    f|0| 0 fre|d
040 |aCaOODSP|bfre
043 |an-cn---
0861 |aH39-532/2000F-PDF
1101 |aCanada.|bSanté Canada. |bDivision de l'enfance et de la jeunesse.
24510|aLes enfants, source de santé et d'unité pour la collectivité : |h[ressource électronique]|bvue d'ensemble du Programme d'aide préscolaire aux Autochtones dans les collectivités urbaines et nordiques
2461 |aProgramme d'aide préscolaire aux Autochtones
260 |aOttawa - Ontario : |bSanté Canada. |cc2000.
300 |a36p.|bgraphiques, photographies
500 |a«Programme d'aide préscolaire aux Autochtones»--p.1 de 36. Le nº de catalogue (H39-532/2000F) et l'ISBN (0-662-84658-3)de l'édition imprimée ont été incorrectement copiés dans cette édition électronique.
590 |a12-08-Supp|b2012-03-16
69107|aÉducation préscolaire|2gcpds
69107|aJeune autochtone|2gcpds
77508|tChildren making a community whole : |w(CaOODSP)9.695859
85640|ahttp://publications.gc.ca|qPDF|s1.03 Mo|uhttps://publications.gc.ca/collections/Collection/H39-532-2000F.pdf